Exploring life science / (Record no. 11679)
[ view plain ]
| 000 -LEADER | |
|---|---|
| fixed length control field | 00935nam a2200289 i 4500 |
| 001 - CONTROL NUMBER | |
| control field | 11679 |
| 003 - CONTROL NUMBER IDENTIFIER | |
| rucl marc code | BD-RjUL |
| 005 - DATE AND TIME OF LATEST TRANSACTION | |
| control field | 20211208235150.0 |
| 008 - FIXED-LENGTH DATA ELEMENTS--GENERAL INFORMATION | |
| fixed length control field | 140127s1975 maua b 001 0 eng |
| 035 ## - SYSTEM CONTROL NUMBER | |
| System control number | (BD-RjUL)11728 |
| 040 ## - CATALOGING SOURCE | |
| Original cataloging agency | DLC |
| Transcribing agency | DLC |
| Modifying agency | DLC |
| -- | BD-RjUL |
| Language of cataloging | eng |
| 041 ## - LANGUAGE CODE | |
| Language code of text/sound track or separate title | eng |
| 082 00 - DEWEY DECIMAL CLASSIFICATION NUMBER | |
| Classification number | 570 |
| Author mark and year | THE 1975 |
| 100 1# - MAIN ENTRY--PERSONAL NAME | |
| Personal name | Thurber, Walter A. |
| 9 (RLIN) | 26607 |
| 245 10 - TITLE STATEMENT | |
| Title | Exploring life science / |
| Statement of responsibility, etc. | Robert E. Kilburn, Peter S. Howell ; [cover photo., E. O. Kean, title page photo., Josef Muench]. |
| 260 ## - PUBLICATION, DISTRIBUTION, ETC. (IMPRINT) | |
| Place of publication, distribution, etc. | Boston : |
| Name of publisher, distributor, etc. | Allyn and Bacon, |
| Date of publication, distribution, etc. | c1975. |
| 300 ## - PHYSICAL DESCRIPTION | |
| Pagination | viii, 438 p. : |
| Illustrations | ill. ; |
| Size | 25 cm. |
| 500 ## - GENERAL NOTE | |
| General note | Previous editions by W. A. Thurber and R. E. Kilburn. |
| General note | Includes index. |
| 504 ## - BIBLIOGRAPHY, ETC. NOTE | |
| Bibliography, etc | Bibliography: p. 463-464. |
| 650 #0 - SUBJECT ADDED ENTRY--TOPICAL TERM | |
| Topical term or geographic name as entry element | Biology. |
| 9 (RLIN) | 36125 |
| Topical term or geographic name as entry element | Life Science |
| 9 (RLIN) | 224926 |
| 700 1# - ADDED ENTRY--PERSONAL NAME | |
| Personal name | Howell, Peter S., |
| Personal name | Kilburn, Robert E. |
| 942 ## - ADDED ENTRY ELEMENTS (KOHA) | |
| Source of classification or shelving scheme | Dewey Decimal Classification |
| Koha item type | Books |
| Lost status | Source of classification or shelving scheme | Damaged status | Not for loan | Collection code | Permanent Location | Current Location | Shelving location | Date acquired | Source of acquisition | Cost, normal purchase price | Total Checkouts | Full call number | Date last seen | Date checked out | Copy number | Koha item type |
|---|---|---|---|---|---|---|---|---|---|---|---|---|---|---|---|---|
| Dewey Decimal Classification | Non-fiction | Central Library, University of Rajshahi | Central Library, University of Rajshahi | 26/12/1983 | Asia foundation | 0.00 | 2 | 570 THE 1975 | 21/03/2021 | 07/03/2021 | C-2 | Books | ||||
| Dewey Decimal Classification | Non-fiction | Central Library, University of Rajshahi | Central Library, University of Rajshahi | 26/12/1983 | Asia foundation | 570 THE 1975 | 07/06/2016 | C-4 | Books | |||||||
| Dewey Decimal Classification | Non-fiction | Central Library, University of Rajshahi | Central Library, University of Rajshahi | 26/12/1983 | Asia foundation | 0.00 | 570THE 1975 | 15/06/2016 | C-3 | Books | ||||||
| Dewey Decimal Classification | Not For Loan | Non-fiction | Central Library, University of Rajshahi | Central Library, University of Rajshahi | Reading Room | 26/12/1983 | N/A | 0.00 | 570 THE 1975 | 20/05/2017 | C-1 | Books | ||||
| Dewey Decimal Classification | Non-fiction | Central Library, University of Rajshahi | Central Library, University of Rajshahi | 26/12/1983 | Asia Foundation | 570 THE 1975 | 15/11/2018 | C-5 | Books | |||||||
| Dewey Decimal Classification | Non-fiction | Central Library, University of Rajshahi | Central Library, University of Rajshahi | 26/12/1983 | Asia Foundation | 570 THE 1975 | 15/11/2018 | C-6 | Books | |||||||
| Dewey Decimal Classification | Non-fiction | Central Library, University of Rajshahi | Central Library, University of Rajshahi | 26/12/1983 | Asia Foundation | 570 THE 1975 | 15/11/2018 | C-10 | Books | |||||||
| Dewey Decimal Classification | Non-fiction | Central Library, University of Rajshahi | Central Library, University of Rajshahi | 26/12/1983 | Asia Foundation | 570 THE 1975 | 15/11/2018 | C-8 | Books | |||||||
| Dewey Decimal Classification | Non-fiction | Central Library, University of Rajshahi | Central Library, University of Rajshahi | 26/12/1983 | Asia Foundation | 570 THE 1975 | 15/11/2018 | C -7 | Books | |||||||
| Dewey Decimal Classification | Non-fiction | Central Library, University of Rajshahi | Central Library, University of Rajshahi | 26/12/1983 | Asia Foundation | 570 THE 1975 | 15/11/2018 | C-9 | Books | |||||||
| Dewey Decimal Classification | Non-fiction | Central Library, University of Rajshahi | Central Library, University of Rajshahi | 26/12/1983 | Asia Foundation san Francisco. California. U:S.A. | 570 THE 1975 | 22/11/2018 | C-8 | Books |